000 005400000a22001810004500
003 MACL
005 20160312155406.0
008 160312b xxu||||| |||| 00| 0 eng d
040 _aMACL
_cMACL
041 _aHindi
082 _a891.432
100 _aडॉ रामकुमार वर्मा
_941009
245 _aपृथ्‍वी का स्‍वर्ग
260 _bकोणार्क प्रकाशन
_c1984
_aदिल्‍ली
350 _a20
650 _aDrama
_945474
942 _cHIN
_k891.432
_2ddc
999 _c28640
_d28640